000 00471cam a2200193ua 4500
001 4125
005 20260515113805.0
008 111215n ii |||gr||||Z||||||asm
040 _cMAIN
082 _a891.4513
100 1 _aChoudhury, Prasannalal,
245 1 1 _aSikar nikar
_cby Prasannalal Choudhury
250 _a1st.
260 _aGuwahati:
_bBani Prakash,988.
300 _a144p:
_c23cm.
653 _aAssamese short stories
653 _aSikar nikar
942 _cBK
999 _c3944
_d3944